Dohoda o spolupráci pri koordinácii a výkone kontroly nelegálnej práce

Predmet, účel a vykonávanie dohody o spolupráci pri koordinácii a výkone kontroly nelegálnej práce, ktorú uzatvorili: Ministerstvo práce, sociálnych vecí a rodiny SR, Ministerstvo financií SR, Ministerstvo vnútra SR, Národný úrad práce, Sociálna poisťovňa, Úrad bezpečnosti práce SR.

Salvato in:
Dettagli Bibliografici
Natura: Capitolo di libro
Lingua:slovacco
Soggetti:
Tags: Aggiungi Tag
Nessun Tag, puoi essere il primo ad aggiungerne!!

MARC

LEADER 00000naa a2200000 4500
001 r039484
005 20230925072338.6
041 0 |a slo 
044 |a SK 
245 1 0 |a Dohoda o spolupráci pri koordinácii a výkone kontroly nelegálnej práce 
520 |a Predmet, účel a vykonávanie dohody o spolupráci pri koordinácii a výkone kontroly nelegálnej práce, ktorú uzatvorili: Ministerstvo práce, sociálnych vecí a rodiny SR, Ministerstvo financií SR, Ministerstvo vnútra SR, Národný úrad práce, Sociálna poisťovňa, Úrad bezpečnosti práce SR. 
610 2 0 |a práca nelegálna 
610 2 0 |a dohody 
610 2 0 |a kontrola 
610 2 0 |a predpisy právne 
610 2 0 |a Ministerstvo práce, sociálnych vecí a rodiny SR 
610 2 0 |a Ministerstvo financií SR 
610 2 0 |a Ministerstvo vnútra SR 
610 2 0 |a Národný úrad práce Bratislava 
610 2 0 |a Sociálna poisťovňa, a.s. Bratislava 
610 2 0 |a Úrad bezpečnosti práce SR Bratislava